Ekstraklasa Teams 2025/26 - Statistics

General Stats
  • This quiz has been taken 95 times
  • The average score is 13 of 18
Answer Stats
Answer % Correct
Legia Warszawa
96%
Lech Poznan
94%
Lechia Gdansk
83%
Górnik Zabrze
82%
Pogon Szczecin
82%
Arka Gdynia
77%
Widzew Lodz
75%
Cracovia
73%
GKS Katowice
73%
Jagiellonia Bialystok
73%
Wisla Plock
70%
Motor Lublin
66%
Raków Częstochowa
65%
Bruk-Bet Termalica Nieciecza
62%
Korona Kielce
61%
Piast Gliwice
59%
Radomiak Radom
56%
Zaglebia Lubin
3%
No matching quizzes found
Score Distribution
Percent of People with Each Score
Percentile by Number Answered
Your Score History
You have not taken this quiz